000 00601nam a2200229Ia 4500
003 OSt
005 20220924132517.0
006 a|||||r|||| 00| 0
007 ta
008 220923b |||||||| |||| 00| 0 hin d
024 _a59029
037 _cTextual
040 _aARTS
_cARTS
_bhin
041 _2hin
_ahin
082 _aQ132:24:9, 152J3 (P15)
100 _aSatvalekar Sripad Damodar
_9204396
245 0 _aKena upanisad
260 _c1953
650 _aRELIGION
942 _hQ132:24:9, 152J3 (P15)
_cTEXL
_2CC
999 _c430484
_d430484